Resistencia de materiales

Bibliographic Details
Main Author: Vázquez, Manuel
Format: Section = Libro
Language:Undetermined
Spanish
Published: Madrid, España Noema 1991
Edition:2a.ed.
Subjects:
LEADER 00573nam a2200217Ia 4500
008 240829s9999 xx 000 0 und d
020 |a 84-88012-01-2 
040 |a BIBLIOTECA-RUPAP 620.112 V393 
041 |a spa 
082 |a 620.112 V393 
100 1 |a Vázquez, Manuel 
245 1 0 |a Resistencia de materiales 
250 |a 2a.ed. 
260 |a Madrid, España  |b Noema  |c 1991 
300 |a 642 p. :il. 
650 7 |a RESISTENCIA DE MATERIALES 
650 7 |b  DEFORMACIONES MECANICA 
650 7 |c  ESFUERZO Y TENSION. I. Tít. 
942 |c BK  |2 ddc 
991 |a TEXTO 
999 |c 8881